| 000 | 00815nab a2200217 i 4500 | ||
|---|---|---|---|
| 001 | 768714001 | ||
| 003 | CO-MdFUSB | ||
| 005 | 20240425071830.0 | ||
| 008 | 230530s1985 us ||||| |||| 00| 0 eng d | ||
| 040 |
_bspa _aCO-MdFUSB _cCO-MdFUSB _dCO-MdFUSB |
||
| 041 | _aeng | ||
| 100 |
_aGeorge, Carl _eautor |
||
| 245 |
_aBeyond the firehouse syndrom _c/ Carl George |
||
| 300 |
_aVolumen 6, número 1 (Winter 1985), páginas 12 - 22 _c; 27 cm. |
||
| 520 | _aTomar buenas decisiones, sobre asuntos mayores o menores, es una habilidad que los pastores pueden aprender. | ||
| 546 | _aTexto en Inglés | ||
| 650 | 7 |
_9107 _aSabiduría |
|
| 653 | _aToma de decisiones | ||
| 773 | 0 |
_068780 _981985 _oR2473 _tLeadership : _w(CO-MdFUSB)768714001 _gVolumen 6, número 1 (Winter 1985), páginas 12 - 22 _qpágina 12 |
|
| 942 | _cANA | ||
| 999 |
_c68909 _d68909 |
||